[Event "ch-ROM"]
[Site "Predeal ROM"]
[Date "2006.12.06"]
[Round "10"]
[White "Lupulescu,C"]
[Black "Grigore,Ge"]
[Result "1/2-1/2"]
[WhiteElo "2571"]
[BlackElo "2480"]

1.e4 c5 2.Nc3 Nc6 3.Nge2 d6 4.d4 cxd4 5.Nxd4 e5 6.Nb3 Nf6 7.Bg5 Be7 8.Qd2 O-O
9.O-O-O Be6 10.Kb1 Ne8 11.h4 f6 12.Be3 Rf7 13.g3 Qc8 14.f4 f5 15.exf5 Bxf5
16.Bc4 Be6 17.Nd5 Bf8 18.Rhf1 Ne7 19.Nxe7+ Bxe7 20.Bxe6 Qxe6 21.fxe5 Rxf1
22.Rxf1 dxe5 23.Qg2 Nd6 24.Nc5 Qc4 25.b3 Qc3 26.Nxb7 Nb5 27.Qd5+ Kh8 28.Qxb5 Qxe3
29.Qd7 Rf8 30.Rxf8+ Bxf8 31.Nd8 Qxg3 32.Ne6 Kg8 33.Qe8 Qf2 34.Nxf8 Qg1+ 35.Kb2 Qd4+
36.Ka3 Qc5+ 37.b4 Qxf8 38.Qe6+ Qf7 39.Qxe5 h6 40.b5 Qc4 41.c3 Qxh4 42.Qb8+ Kh7
43.Qxa7 Qg5 44.Kb4 h5 45.Qd4 h4 46.Qe4+ Kh6 47.b6 Qg3 48.b7 h3 49.Qe8 Qd6+
50.Ka5 Qc7+ 51.Ka6 Qd6+ 52.Ka7 Qc5+ 53.Ka8 Qa5+ 54.Kb8 h2 55.Qh8+ Kg6 56.Qxh2  1/2-1/2

[Event "ch-ROM w"]
[Site "Predeal ROM"]
[Date "2006.12.06"]
[Round "10"]
[White "Traistaru,T"]
[Black "Ionica,I"]
[Result "1/2-1/2"]
[WhiteElo "2126"]
[BlackElo "2231"]

1.e4 c5 2.Nc3 Nc6 3.Nf3 e6 4.Bb5 Nd4 5.Nxd4 cxd4 6.Ne2 Qg5 7.Bc4 Qxg2 8.Ng3 Qh3
9.e5 Nh6 10.Be2 Qh4 11.d3 Nf5 12.Nxf5 exf5 13.c3 dxc3 14.bxc3 d6 15.d4 Bd7
16.Bf3 dxe5 17.dxe5 Bc5 18.O-O Rd8 19.Qe2 b6 20.Kh1 O-O 21.Rg1 h6 22.Rg2 Be6
23.Be3 Bc4 24.Qb2 Bxe3 25.fxe3 Kh8 26.Rag1 Rg8 27.Qa3 a6 28.Qb4 b5 29.Qa5 Rde8
30.Qxa6 Rxe5 31.Qd6 Ree8 32.Bc6 Rd8 33.Qe5 Qf6 34.Qxf6 gxf6 35.Rxg8+ Rxg8
36.Rxg8+ Kxg8 37.Kg2 Kf8 38.Kf3 Ke7 39.a4 bxa4 40.Bxa4 Kd6 41.Kf4 Be6 42.Bc2 Kc5
43.Bd3 Kd5 44.h4 Kc5 45.Be2  1/2-1/2

[Event "ch-ROM w"]
[Site "Predeal ROM"]
[Date "2006.12.06"]
[Round "10"]
[White "Paulet,I"]
[Black "Manicuta,M"]
[Result "1-0"]
[WhiteElo "2167"]
[BlackElo "2151"]

1.e4 c5 2.Nc3 Nc6 3.Bb5 Nd4 4.Bc4 e6 5.Nf3 Nf6 6.O-O a6 7.d3 b5 8.Bb3 Nxb3
9.axb3 Bb7 10.h3 d6 11.Qe2 Be7 12.Nh2 O-O 13.f4 Nd7 14.f5 d5 15.Ng4 d4 16.Nd1 exf5
17.Rxf5 f6 18.Bd2 Qc7 19.c3 Qb6 20.Qe1 dxc3 21.Nxc3 Qe6 22.Ne3 Ne5 23.Qb1 g6
24.Rf2 Bd6 25.Ncd5 f5 26.Qc2 fxe4 27.Rxf8+ Rxf8 28.dxe4 Nc6 29.Qd3 Be5 30.Bc3 Nd4
31.Rf1 Rxf1+ 32.Qxf1 Kg7 33.b4 c4 34.Ng4 Ne2+ 35.Qxe2 Bxc3 36.Nxc3 h5 37.Nf2 a5
38.Nxb5 axb4 39.Qd2 Bc6 40.Qxb4 Bxe4 41.Qd6 Bd5 42.Qxe6 Bxe6 43.Ne4 Kf8 44.Kf2 Ke7
45.Ke3  1-0

[Event "ch-ROM"]
[Site "Predeal ROM"]
[Date "2006.12.06"]
[Round "10"]
[White "Preda,M"]
[Black "Miron,L"]
[Result "0-1"]
[WhiteElo "2094"]
[BlackElo "2300"]

1.e4 c5 2.Nc3 Nc6 3.Bb5 Nd4 4.Bc4 e6 5.Nf3 Nf6 6.O-O a6 7.a4 d5 8.exd5 exd5
9.Re1+ Be7 10.Be2 Nxe2+ 11.Nxe2 d4 12.d3 O-O 13.h3 h6 14.a5 Nd5 15.Nf4 Nb4
16.Ne5 Bd6 17.Bd2 Bc7 18.Nc4 Nc6 19.Qh5 Qg5 20.Qf3 Qf6 21.Qe4 Bxf4 22.Qxf4 Qg6
23.Qd6 Be6 24.Qxc5 Bxh3 25.Qd5 Be6 26.Qe4 Qh5 27.Nd6 Rad8 28.Nxb7 Bd5 29.Qe2 Qg6
30.f4 Rde8 31.Qf2 Rb8 32.Nc5 Rxb2 33.Bc1 Rb5 34.Ne4 Be6 35.Bd2 Rfb8 36.Rf1 f5
37.Nd6 Rc5 38.c3 Bd5 39.Nc4 Bxc4 40.cxd4 Rd5 41.dxc4 Rxd4 42.c5 Rb2 43.Rfd1 Qe6
44.Rab1 Rdxd2  0-1

[Event "Polyarniy Krug"]
[Site "Salekhard RUS"]
[Date "2006.12.07"]
[Round "9"]
[White "Potapov,P"]
[Black "Kotsur,P"]
[Result "0-1"]
[WhiteElo "2406"]
[BlackElo "2587"]

1.e4 c5 2.Nf3 Nc6 3.Nc3 g6 4.d4 cxd4 5.Nxd4 Bg7 6.Nde2 h5 7.Bg5 d6 8.Qd2 Nf6
9.f3 Bd7 10.Nf4 Nh7 11.Bh4 Bh6 12.Ncd5 f6 13.Bc4 Ne5 14.Bb3 e6 15.Qb4 exd5
16.Nxd5 Bc6 17.Rd1 a5 18.Qa3 Bf8 19.f4 a4 20.fxe5 dxe5 21.Nxf6+ Nxf6 22.Rxd8+ Rxd8
23.Bf7+ Kxf7 24.Qc3 Rd4 25.O-O Be7 26.Bg3 Ke6 27.Bh4 Rxe4 28.Bxf6 Bxf6 29.Rd1 Rd8
30.Rxd8 Bxd8 31.Qc5 Be7 32.Qa7 Re2  0-1

[Event "Aniversario del Par de Alfiles"]
[Site "Asuncion PAR"]
[Date "2006.12.08"]
[Round "5"]
[White "Bronstein,L"]
[Black "Sosa Harrison,J"]
[Result "1/2-1/2"]
[WhiteElo "2334"]
[BlackElo "2283"]

1.e4 c5 2.Nf3 Nc6 3.Nc3 d6 4.d4 cxd4 5.Nxd4 Nf6 6.Bc4 Qb6 7.Nb3 e6 8.O-O Be7
9.a4 O-O 10.Be2 Rd8 11.Nb5 Rd7 12.Be3 Qd8 13.Nc3 b6 14.Bb5 Rc7 15.Bxc6 Rxc6
16.Nd4 Rc4 17.Qd3 Ba6 18.Ncb5 Rcc8 19.c4 Bb7 20.f3 Nd7 21.b3 d5 22.exd5 exd5
23.Nf5 Ne5 24.Qc3 f6 25.Rad1 a6 26.Nbd4 Qd7 27.Nxe7+  1/2-1/2

[Event "UTD GM Invitational"]
[Site "Dallas USA"]
[Date "2006.12.10"]
[Round "7"]
[White "Schneider,Ig"]
[Black "Kuljasevic,D"]
[Result "0-1"]
[WhiteElo "2369"]
[BlackElo "2448"]

1.e4 c5 2.Nf3 Nc6 3.Nc3 e5 4.Bc4 d6 5.d3 Be7 6.O-O Nf6 7.Ng5 O-O 8.f4 Bg4
9.Qe1 exf4 10.h3 Bh5 11.Bxf4 Nd4 12.Qf2 h6 13.Nf3 Bxf3 14.gxf3 Qd7 15.Qg2 Kh8
16.Be3 b5 17.Bb3 a5 18.Bxd4 cxd4 19.Ne2 a4 20.Bd5 Nxd5 21.exd5 a3 22.bxa3 Rfc8
23.Rfc1 Bf6 24.Kh1 Rc5 25.c3 dxc3 26.d4 Rc4 27.Rxc3 Rxc3 28.Nxc3 Bxd4 29.Rc1 Rc8
30.Ne2 Rxc1+ 31.Nxc1 Qf5 32.Ne2 Bf6 33.f4 Qb1+ 34.Kh2 Qxa2 35.Qe4 Qxa3 36.Qe8+ Kh7
37.Qxb5 Qe3 38.Qc4 g6 39.Ng3 Qf2+  0-1

[Event "ch-RUS w"]
[Site "Gorodets RUS"]
[Date "2006.12.10"]
[Round "9"]
[White "Tairova,E"]
[Black "Galliamova,A"]
[Result "1/2-1/2"]
[WhiteElo "2415"]
[BlackElo "2470"]

1.e4 c5 2.Nc3 Nc6 3.Nf3 d6 4.d4 cxd4 5.Nxd4 Nf6 6.Bg5 Bd7 7.Be2 e6 8.Ndb5 Qb8
9.Bxf6 gxf6 10.O-O a6 11.Nd4 b5 12.Nxc6 Bxc6 13.Qd4 Be7 14.a3 Rg8 15.Kh1 Qa7
16.Qd3 Kf8 17.f4 Kg7 18.Bh5 Raf8 19.f5 Kh8 20.Qh3 Rg5 21.Bf3 e5 22.Rad1 Qc5
23.Rd3 b4 24.axb4 Qxb4 25.b3 Rc8 26.Qh6 Bb7 27.h4 Rgg8 28.Qd2 Rc7 29.Ne2 Qxd2
30.Rxd2 Rb8 31.c4 Bc6 32.Rb1 Rcb7 33.Rdb2 Bd8 34.Nc1 Bb6 35.Ra2 a5 36.b4 axb4
37.Rxb4 Be3 38.Rxb7 Rxb7 39.Ne2 Rb4 40.Rc2 Ba4 41.Rc3 Bd4 42.Rc1 Bb2 43.Re1 Rxc4
44.Kh2 Bc2 45.Ng1 d5 46.exd5 Bxf5 47.Rd1 Rxh4+ 48.Kg3 Rh1 49.Kf2 Bd7 50.g4 Rh2+
51.Bg2 Rh4 52.Bf3 Bxg4 53.Kg3 Bxf3 54.Nxf3 Rc4 55.d6 Rc8 56.Nh4 Rd8 57.Nf5 Ba3
58.Kf3 Kg8 59.Ke4 Kf8 60.d7 Be7 61.Nh6 Ra8 62.Kd5 Ra6 63.Nf5 Bd8 64.Rc1 Ra7
65.Kd6 Ra6+ 66.Kd5 Ra7 67.Kd6 Ra6+ 68.Rc6 Rxc6+ 69.Kxc6 h5 70.Kb7 e4 71.Kc8 Ba5
72.Ne3 Ke7 73.Nc4 Bd8 74.Nd6 Bb6 75.Nb5 Bd8 76.Nd6 Bb6 77.Nb5 Bd8 78.Nc3 Ba5
79.Nb5 Bd8  1/2-1/2

[Event "ch-RUS w"]
[Site "Gorodets RUS"]
[Date "2006.12.10"]
[Round "9"]
[White "Bodnaruk,A"]
[Black "Korbut,E"]
[Result "0-1"]
[WhiteElo "2255"]
[BlackElo "2435"]

1.e4 c5 2.Nc3 Nc6 3.Nf3 g6 4.d4 cxd4 5.Nxd4 Bg7 6.Be3 Nf6 7.f3 O-O 8.Qd2 d5
9.O-O-O Nxd4 10.Bxd4 dxe4 11.fxe4 Be6 12.Kb1 Rc8 13.Be2 a6 14.h3 Re8 15.Bf3 Rc4
16.e5 Nd7 17.b3 Rxd4 18.Qxd4 Qc7 19.Ne4 Rc8 20.Rd2 Nxe5 21.Qe3 h6 22.Rc1 Nxf3
23.Qxf3 b5 24.c3 b4 25.g4 Qe5 26.Qd3 f5 27.Nf2 bxc3 28.Rdc2 Qd6 29.Qxd6 exd6
30.Re2 Bd5 31.Kc2 Kf7 32.Rf1 Bg2 33.Rg1 Bc6 34.Rge1 Bf6 35.Re6 Bh4 36.g5 Bxf2
37.Rf6+ Kg7 38.Re7+ Kh8 39.Kxc3 Bh4 40.Rxd6 Bxg5 41.Re1 Bh4 42.Rg1 Be7 43.Rd2 g5
44.Kb2 Be4 45.Rgd1 h5 46.a3 g4 47.hxg4 hxg4 48.b4 g3 49.Kb3 Bg5 50.Rb2 g2  0-1

[Event "13th Open A"]
[Site "Zadar CRO"]
[Date "2006.12.11"]
[Round "1"]
[White "Feletar,D"]
[Black "Gochev,M"]
[Result "1-0"]
[WhiteElo "2407"]
[BlackElo "2242"]

1.e4 c5 2.Nf3 Nc6 3.Nc3 d6 4.d4 cxd4 5.Nxd4 Nf6 6.Bg5 Bd7 7.Qd2 Rc8 8.f3 Nxd4
9.Qxd4 Qa5 10.Bd2 a6 11.Nd5 Qc5 12.Qxc5 Rxc5 13.c4 Nxd5 14.cxd5 e5 15.dxe6 fxe6
16.Bd3 Be7 17.Ke2 Kf7 18.Be3 Rc7 19.Rac1 Rhc8 20.Rxc7 Rxc7 21.Bf4 h6 22.Rd1 Rc5
23.b3 d5 24.exd5 exd5 25.Be5 Bf6 26.Bxf6 Kxf6 27.Ke3 Ke5 28.f4+ Kd6 29.Kd4 Rc6
30.a3 Rc5 31.Re1 Ra5 32.a4 Rc5 33.Re5 a5 34.Re7 Kxe7 35.Kxc5 Be6 36.Bc2 Kf6
37.Kb6 Bf5 38.Bd1 Bd3 39.g4 g5 40.f5 h5 41.gxh5 Bxf5 42.Kxb7 Ke5 43.Kb6 Kf4
44.Kxa5 Ke3 45.h6 d4 46.b4 Kd2 47.Bh5 d3 48.b5 Kc1 49.b6 d2 50.b7 g4 51.b8=Q d1=Q
52.Qf4+ Qd2+ 53.Qxd2+ Kxd2 54.Bxg4 Be4 55.Kb6 Ke3 56.a5 Kf4  1-0

[Event "13th Open A"]
[Site "Zadar CRO"]
[Date "2006.12.12"]
[Round "3"]
[White "Plenkovic,Z"]
[Black "Gochev,M"]
[Result "0-1"]
[WhiteElo "2380"]
[BlackElo "2242"]

1.e4 c5 2.Nf3 Nc6 3.Nc3 d6 4.d4 cxd4 5.Nxd4 Nf6 6.Be2 e5 7.Nb3 Be7 8.O-O O-O
9.f4 a5 10.a4 Nb4 11.Nd2 exf4 12.Nf3 Qb6+ 13.Kh1 Ng4 14.Nd4 Ne3 15.Bxe3 fxe3
16.Nf5 Bf6 17.Nb5 Bxf5 18.Rxf5 Bxb2 19.Rb1 Be5 20.c3 Nc6 21.Bc4 Ne7 22.Rf3 Qc6
23.Qf1 Qxe4 24.Re1 Nd5 25.Bxd5 Qxd5 26.Nc7 Qb3 27.Nxa8 Rxa8 28.Rexe3 f6 29.Re1 Qxa4
30.Qd3 Qc6 31.Re4 Rc8 32.Rh4 g6 33.Qb1 d5 34.Qb3 b5 35.Rd3 a4 36.Qa2 Rd8
37.Qb2 Rc8 38.Qa2 Rd8 39.Qb2 Kg7 40.Rb4 Rb8 41.Qd2 Rb7 42.Rb1 a3 43.Rd1 Ra7
44.Qa2 Qc4 45.Qf2 Rd7 46.Qb6 a2 47.Re3 Bxc3 48.Qe6 Rf7 49.Qa6 b4  0-1

[Event "13th Open A"]
[Site "Zadar CRO"]
[Date "2006.12.14"]
[Round "6"]
[White "Zivkovic,Vj"]
[Black "Martinovic,Sa"]
[Result "1/2-1/2"]
[WhiteElo "2412"]
[BlackElo "2390"]

1.e4 c5 2.Nf3 Nc6 3.Nc3 e5 4.Bc4 d6 5.d3 Be7 6.a3 Nf6 7.Bg5 O-O 8.Bxf6 Bxf6
9.Nd5 Be6 10.O-O Rb8 11.Ba2 b5  1/2-1/2

[Event "GM Multicoms"]
[Site "Paris FRA"]
[Date "2006.12.16"]
[Round "4"]
[White "Draoui,N"]
[Black "Maze,S"]
[Result "0-1"]
[WhiteElo "2416"]
[BlackElo "2510"]

1.e4 c5 2.Nf3 Nc6 3.Nc3 g6 4.d4 cxd4 5.Nxd4 Bg7 6.Be3 Nf6 7.Bc4 O-O 8.Bb3 d6
9.f3 Bd7 10.Qd2 Nxd4 11.Bxd4 b5 12.a4 b4 13.Nd5 Nxd5 14.Bxd5 Bxd4 15.Qxd4 Rc8
16.Kd1 Qc7 17.Bb3 a5 18.Rc1 Qc5 19.Qxc5 dxc5 20.Bc4 Rfd8 21.Ke2 Bxa4 22.Ra1 Bxc2
23.b3 Bxb3 24.Bxb3 c4 25.Ba4 b3 26.Rac1 Rd3 27.Bb5 b2 28.Rxc4 Rxc4 29.Bxc4 Rc3
30.Bd3 a4 31.Kd2 Rc7 32.Bb1 a3 33.Ba2 Kg7 34.Re1 e5 35.g3 h5 36.f4 exf4 37.gxf4 h4
38.e5 Rc6 39.h3 Rc5 40.Rf1 Kf8 41.Re1 Kg7 42.Rf1 Rc7 43.Re1 Kh6 44.Rg1 Kg7
45.Re1 Rd7+ 46.Kc3 Kf8 47.Rf1 Ke7 48.f5 Rc7+ 49.Kd2 Rd7+ 50.Kc3 gxf5 51.Rxf5 Rd1
52.Rxf7+ Ke8 53.Rb7 Ra1 54.Rb8+ Ke7 55.Rb7+ Kd8 56.Rb8+ Kc7 57.Rxb2 axb2
58.Kxb2 Re1 59.Kc3 Re3+ 60.Kd4 Rxh3 61.Bd5 Ra3 62.Ke4 Kd7 63.Kf5 Ke7 64.Kg4 h3  0-1

[Event "6th Amplico AIG Life"]
[Site "Warsaw POL"]
[Date "2006.12.16"]
[Round "1"]
[White "Cyborowski,L"]
[Black "Staniszewska,U"]
[Result "1-0"]
[WhiteElo "2559"]
[BlackElo "1906"]

1.e4 c5 2.Nf3 Nc6 3.Nc3 d6 4.d4 cxd4 5.Nxd4 g6 6.Be3 Bg7 7.Qd2 Nf6 8.f3 a6
9.O-O-O Bd7 10.g4 Rc8 11.Kb1 Qa5 12.Nb3 Qc7 13.g5 Nh5 14.Nd5 Qb8 15.Nb6 Rc7
16.f4 Bg4 17.Be2 Bxe2 18.Qxe2 Nb4 19.c3 Nc6 20.Nd2 O-O 21.Ndc4 Re8 22.Rhf1 Na7
23.f5 Nc8 24.Nxc8 Qxc8 25.Nb6 Qd8 26.Nd5 Rc6 27.Qf3 e6 28.Nb4 Rc4 29.f6 Bf8
30.Rd4 Qc7 31.Rfd1 Rc8 32.Qe2 Rxd4 33.Rxd4 a5 34.Nc2 Qc6 35.Bc1 b5 36.Rd1 Rb8
37.Nd4 Qb7 38.Qd3 e5 39.Nc2 b4 40.c4 a4 41.Ne1 b3 42.a3 Rc8 43.Be3 Qc6 44.Rc1 Re8
45.Qd5 Rc8 46.Nd3 Qa6 47.Nb4 Qa8 48.Qxa8 Rxa8 49.Nd5 Ra6 50.Bf2 Nf4 51.Nxf4 exf4
52.h4 Rc6 53.Rc3 h6 54.Kc1 Rc8 55.Kd2 Re8 56.Kd3 hxg5 57.hxg5 Re5 58.Bh4 Rc5
59.Rc1 Re5 60.Rf1 Rc5 61.Rxf4 Re5 62.Rf1 Rc5 63.Rg1 Re5 64.Bf2 Re8 65.Bd4 Rc8
66.Be3 Re8 67.Bf4 Rc8 68.Rd1 Rc5 69.Kc3 Rc6 70.Rd5 Ra6 71.Rb5 Rc6 72.Rb8 Ra6
73.Rc8 Rb6 74.Be3 Rb7 75.c5  1-0

[Event "6th Amplico AIG Life"]
[Site "Warsaw POL"]
[Date "2006.12.16"]
[Round "2"]
[White "Zubov,A UKR"]
[Black "Krasenkova,I"]
[Result "1-0"]
[WhiteElo "2537"]
[BlackElo "2195"]

1.e4 c5 2.Nf3 Nc6 3.Nc3 e5 4.Bc4 Be7 5.d3 d6 6.Nd2 Bg5 7.h4 Bh6 8.Qh5 Qd7
9.Nd5 Nd4 10.c3 Nc2+ 11.Kd1 Nxa1 12.Bb5 Qxb5 13.Nc7+ Ke7 14.Nxb5 Nf6 15.Qe2 Bd7
16.c4 a6 17.Nc3 b5 18.b3 b4 19.Nd5+  1-0

[Event "6th Amplico AIG Life"]
[Site "Warsaw POL"]
[Date "2006.12.16"]
[Round "2"]
[White "Macieja,B"]
[Black "Beinoras,M"]
[Result "1/2-1/2"]
[WhiteElo "2622"]
[BlackElo "2222"]

1.e4 c5 2.Nc3 Nc6 3.Nf3 Nf6 4.Bb5 Qc7 5.O-O a6 6.Bxc6 dxc6 7.d3 e5 8.h3 Be7
9.b3 O-O 10.a4 a5 11.Ne2 Nh5 12.Nh2 Be6 13.f4 exf4 14.Nxf4 Nxf4 15.Bxf4 Bd6
16.Bxd6 Qxd6 17.Qh5 f5 18.exf5 Bxf5 19.Nf3 Rae8 20.Nh4 Bd7 21.Kh1 Qd5 22.Rxf8+ Rxf8
23.Qxd5+ cxd5 24.Kg1 Rf4 25.g3 Rf6 26.Kg2 d4 27.g4 g5 28.Nf3 Bc6 29.Rf1 Kf7
30.Kg3 Bxf3 31.Rxf3  1/2-1/2

[Event "6th Amplico AIG Life"]
[Site "Warsaw POL"]
[Date "2006.12.16"]
[Round "4"]
[White "Firman,N"]
[Black "Moiseenko,A1"]
[Result "1-0"]
[WhiteElo "2495"]
[BlackElo "2632"]

1.e4 c5 2.Nf3 Nc6 3.Nc3 e5 4.Bc4 Be7 5.d3 Nf6 6.Nd2 d6 7.Nf1 Bg4 8.Qd2 O-O
9.Ne3 Be6 10.O-O a6 11.a4 Nb4 12.b3 Kh8 13.Bb2 Ne8 14.Ne2 Nc7 15.f4 exf4
16.Nxf4 Bg5 17.a5 Bxf4 18.Rxf4 d5 19.exd5 Ncxd5 20.Nxd5 Nxd5 21.Re4 Nf6 22.Qg5 Bxc4
23.Rxc4 Re8 24.Rf1 Re6 25.Rg4 Qf8 26.Rxf6 Qd8  1-0

[Event "6th Amplico AIG Life"]
[Site "Warsaw POL"]
[Date "2006.12.16"]
[Round "5"]
[White "Gdanski,J"]
[Black "Peretz,M"]
[Result "1-0"]
[WhiteElo "2532"]
[BlackElo "2256"]

1.e4 c5 2.Nc3 Nc6 3.Nf3 g6 4.d4 cxd4 5.Nxd4 Bg7 6.Be3 Nf6 7.f3 d5 8.Bb5 Bd7
9.exd5 Nb4 10.Bc4 Rc8 11.Qe2 Qa5 12.O-O Nbxd5 13.Nxd5 Nxd5 14.Nb3 Qc7 15.Bxd5 Qxc2
16.Rf2  1-0

[Event "6th Amplico AIG Life"]
[Site "Warsaw POL"]
[Date "2006.12.16"]
[Round "5"]
[White "Hunt,H"]
[Black "Olejarczyk,B"]
[Result "1-0"]
[WhiteElo "2439"]
[BlackElo "2222"]

1.e4 c5 2.Nc3 Nc6 3.Bb5 Nd4 4.Bc4 e6 5.Nge2 Qc7 6.d3 a6 7.a4 Nf6 8.O-O d6
9.Ba2 Be7 10.Nxd4 cxd4 11.Ne2 e5 12.f4 Bd7 13.Bb3 O-O 14.f5 d5 15.exd5 Qc5
16.Ng3 Nxd5 17.Ne4 Qc6 18.Qg4 Nf6 19.Nxf6+ Bxf6 20.Bd2 b5 21.a5 Rfe8 22.Qh5 Re7
23.Bb4 Rae8 24.Rae1 Bc8 25.Bxe7 Rxe7 26.Re4 Bb7 27.g4 h6 28.h4 Qd6 29.g5 Bxe4
30.gxf6 Qxf6 31.dxe4 Rc7 32.Rf3 Qc6 33.Qg4 Kh8 34.f6 g6 35.Kh2 Qc5 36.Qg3 Kh7
37.h5 g5 38.Rf5 Qb4 39.Rf2 Qe1 40.Qf3 d3 41.cxd3 Rc1 42.Qg2 Kg8 43.Bd5 Qd1
44.Qf3 Qg1+ 45.Kh3 Kf8 46.Rh2 Rf1 47.Qg3 Qd4 48.b3 Rd1 49.Rf2 Rxd3 50.Rf3 Rd1
51.Qg2 Rg1 52.Qc2 Rh1+ 53.Kg4 Qg1+ 54.Kf5 Kg8  1-0

[Event "6th Amplico AIG Life"]
[Site "Warsaw POL"]
[Date "2006.12.16"]
[Round "7"]
[White "Cyborowski,L"]
[Black "Narmontas,M"]
[Result "0-1"]
[WhiteElo "2559"]
[BlackElo "2310"]

1.e4 c5 2.Nf3 Nc6 3.Nc3 g6 4.d4 cxd4 5.Nxd4 Bg7 6.Be3 Nf6 7.Bc4 O-O 8.Bb3 Ng4
9.Qxg4 Nxd4 10.Qh4 Qa5 11.O-O Bf6 12.Qg4 d6 13.Qd1 Nxb3 14.axb3 Qd8 15.Rxa7 Rxa7
16.Bxa7 Bxc3 17.bxc3 Qc7 18.Bd4 e5 19.Be3 Be6 20.c4 Qc6 21.Qd3 f5 22.Rd1 Ra8
23.h3 Ra6 24.f3 f4 25.Bf2 Qc8 26.Kh2 g5 27.Qc3 h5 28.Qb4 g4 29.fxg4 hxg4
30.hxg4 Qd7 31.c5 Bxg4 32.Rxd6 Qh7+ 33.Kg1 Ra1+ 34.Be1 Qh4 35.Kf1 f3 36.Rg6+ Kh8
37.Rxg4 Qxg4  0-1

[Event "6th Amplico AIG Life"]
[Site "Warsaw POL"]
[Date "2006.12.16"]
[Round "8"]
[White "Heberla,B"]
[Black "Zezulkin,J"]
[Result "0-1"]
[WhiteElo "2569"]
[BlackElo "2448"]

1.e4 c5 2.Nc3 Nc6 3.Bb5 Nd4 4.Bc4 e6 5.Nge2 Nf6 6.O-O a6 7.a4 Nc6 8.d4 cxd4
9.Nxd4 Qc7 10.Nxc6 bxc6 11.Bd3 d5 12.Qe2 Be7 13.f4 O-O 14.b3 Bc5+ 15.Kh1 Bd4
16.Bb2 dxe4 17.Bxe4 Nxe4 18.Qxe4 c5 19.Qxa8 Bb7 20.Qxf8+ Kxf8 21.Rad1 h5
22.Rd3 Qc6 23.Rd2 h4 24.h3 e5 25.Nd1 Qe6 26.Bxd4 cxd4 27.fxe5 Qxh3+ 28.Kg1 Qg4
29.Rdf2 Kg8 30.e6 fxe6  0-1

[Event "Bykova Mem"]
[Site "Vladimir RUS"]
[Date "2006.12.17"]
[Round "4"]
[White "Vasilevich,I"]
[Black "Smokina,K"]
[Result "1-0"]
[WhiteElo "2321"]
[BlackElo "2203"]

1.e4 c5 2.Nf3 Nc6 3.Nc3 e5 4.Bc4 d6 5.d3 Be7 6.Nd2 Nf6 7.Nf1 Be6 8.Ne3 Qd7
9.O-O h5 10.Ned5 O-O-O 11.a3 Rdg8 12.b4 g5 13.Be3 Ng4 14.Rb1 Nxe3 15.Nxe3 Bd8
16.Ncd5 g4 17.c3 h4 18.g3 Rg6 19.Qa4 cxb4 20.axb4 Rgh6 21.Rb2 f5 22.exf5 Bxf5
23.b5 Na5 24.Nxf5 Qxf5 25.Qxa5 hxg3 26.Qc7+ Bxc7 27.Ne7+ Kb8 28.Nxf5 gxh2+
29.Kh1 Rf6 30.Ne3 Rh4 31.Nd5 Rf3 32.Kg2 Rfh3 33.Rh1 Bd8 34.Re2 Rh8 35.Re4  1-0

[Event "6th Amplico AIG Life"]
[Site "Warsaw POL"]
[Date "2006.12.17"]
[Round "9"]
[White "Kowalski,L"]
[Black "Klundt,K"]
[Result "1/2-1/2"]
[WhiteElo "2088"]
[BlackElo "2373"]

1.e4 c5 2.Nc3 Nc6 3.Bb5 d6 4.Bxc6+ bxc6 5.d3 g6 6.f4 Bg7 7.Nf3 e6 8.O-O Ne7
9.Qe1 O-O 10.e5 Nf5 11.Ne4 Rb8 12.Qf2 c4 13.g4 dxe5 14.fxe5 cxd3 15.Rd1 Ne7
16.Bg5 Rxb2 17.Nf6+ Bxf6 18.Bxf6 Rxc2 19.Qe3 Nd5 20.Qxd3 Qb6+ 21.Nd4 Rb2
22.Rab1  1/2-1/2

[Event "6th Amplico AIG Life"]
[Site "Warsaw POL"]
[Date "2006.12.17"]
[Round "10"]
[White "Heberla,B"]
[Black "Zapolskis,A"]
[Result "1-0"]
[WhiteElo "2569"]
[BlackElo "2377"]

1.e4 c5 2.Nc3 Nc6 3.Bb5 Nd4 4.Bc4 e6 5.Nge2 Nxe2 6.Qxe2 Ne7 7.d3 Nc6 8.f4 Nd4
9.Qf2 Be7 10.Be3 Qb6 11.O-O-O a6 12.Na4 Qc7 13.c3 b5 14.cxd4 cxd4 15.Bxd4 bxc4
16.Nb6 cxd3+ 17.Kb1 Rb8 18.Rxd3 Bb7 19.Rc1 Qd8 20.Qe3 O-O 21.Ka1 Bc6 22.a3 Bxe4
23.Qxe4 Rxb6 24.Bxb6 Qxb6 25.Qb4 Qd8 26.Rdc3 Bf6 27.Rc7 h6 28.Rxd7 Qb8 29.Rdc7  1-0

[Event "44th National A ch-IND"]
[Site "Atul IND"]
[Date "2006.12.18"]
[Round "1"]
[White "Arun Prasad,S"]
[Black "Koshy,V"]
[Result "1-0"]
[WhiteElo "2424"]
[BlackElo "2325"]

1.e4 c5 2.Nf3 Nc6 3.Nc3 Nf6 4.Bb5 g6 5.Bxc6 dxc6 6.d3 Bg7 7.h3 O-O 8.Bf4 Ne8
9.Qd2 Nc7 10.Bh6 Ne6 11.h4 f6 12.Bxg7 Kxg7 13.h5 g5 14.h6+ Kh8 15.Ne2 Nd4
16.Nfg1 e5 17.c3 Nxe2 18.Nxe2 Be6 19.Qe3 Qe7 20.a3 a5 21.d4 cxd4 22.cxd4 exd4
23.Nxd4 Rad8 24.O-O Bg4 25.f3 Bc8 26.Ne2 Rg8 27.Rad1 Rde8 28.Qc3 Rg6 29.Qxa5 Rxh6
30.Rd3 g4 31.Ng3 gxf3 32.Rdxf3 Rg6 33.Qc3 Qe5 34.Qxe5 Rxe5 35.Rd3 Kg7 36.Nf5+ Bxf5
37.exf5 Rg5 38.Rd7+ Kh6 39.Rf3 Rgxf5 40.Rxf5 Rxf5 41.Rxb7 Rc5 42.Kf2 Kg6
43.a4 Rc4 44.b3 Rc2+ 45.Kf3 Rc3+ 46.Kf4 h5 47.a5 Rc2 48.Kf3 Ra2 49.b4 c5
50.bxc5 Rxa5 51.c6 Rc5 52.c7 h4 53.Ke4 Rc2 54.Kd5 Kf5 55.Kd6 Kf4 56.Rb8 Kg3
57.Rg8+ Kf2 58.Rg4 f5 59.Rxh4 Kxg2 60.Rf4  1-0

[Event "44th National A ch-IND"]
[Site "Atul IND"]
[Date "2006.12.18"]
[Round "1"]
[White "Prathamesh,S"]
[Black "Venkatesh,M"]
[Result "0-1"]
[WhiteElo "2335"]
[BlackElo "2466"]

1.e4 c5 2.Nf3 Nc6 3.Nc3 Nf6 4.Bb5 Qc7 5.O-O Nd4 6.Nxd4 cxd4 7.Nd5 Nxd5 8.exd5 g6
9.d3 Bg7 10.Re1 O-O 11.Bg5 Qc5 12.Bc4 e5 13.b4 Qxb4 14.Rb1 Qd6 15.Qf3 b6
16.a4 Re8 17.a5 bxa5 18.Bd2 Ba6 19.Bb3 Rab8 20.Ra1 Rb5 21.Bxa5 Bb7 22.Bd2 Bxd5
23.Bxd5 Rxd5 24.Rxa7 Rb5 25.Qh3 f5 26.Bh6 Qb4 27.Kf1 Rb7 28.Ra2 d6 29.Qh4 e4
30.Bxg7 Kxg7 31.Qg5 Rbe7 32.h4 h6 33.Qc1 Qc5 34.Qa1 Kh7 35.Kg1 e3 36.fxe3 dxe3
37.Re2 f4 38.Ra4 Qh5 39.Qf1 Rf8 40.Rd4 f3 41.gxf3 Rxf3 42.Qe1 Qf5 43.Rg2 Rf7
44.Qe2 Rf1+ 45.Kh2 Qe5+  0-1

[Event "44th National A ch-IND"]
[Site "Atul IND"]
[Date "2006.12.23"]
[Round "7"]
[White "Neelotpal,D"]
[Black "Poobesh Anand,S"]
[Result "1-0"]
[WhiteElo "2490"]
[BlackElo "2416"]

1.e4 c5 2.Nf3 Nc6 3.Nc3 Nf6 4.Bb5 Qc7 5.O-O Nd4 6.Nxd4 cxd4 7.Nd5 Nxd5 8.exd5 Qc5
9.c4 a6 10.b4 Qxb4 11.Ba4 b5 12.Bc2 bxc4 13.Rb1 Qa5 14.d3 c3 15.d6 Qc5 16.Bf4 e6
17.Qf3 Qc6 18.Qg3 f6 19.Bd1 c2 20.Bf3 cxb1=Q 21.Rxb1 Qc5  1-0

[Event "13th Int"]
[Site "Tuzla BIH"]
[Date "2006.12.23"]
[Round "1"]
[White "Rosic,S1"]
[Black "Majeric,Z"]
[Result "1/2-1/2"]
[WhiteElo "2307"]
[BlackElo "2308"]

1.e4 c5 2.Nc3 Nc6 3.Nf3 d6 4.d4 cxd4 5.Nxd4 Nf6 6.Bg5 Bd7 7.Be2 a6 8.O-O e6
9.Re1 Be7 10.Nf3 b5 11.Bxf6 gxf6 12.a3 Qb6  1/2-1/2

[Event "44th National A ch-IND"]
[Site "Atul IND"]
[Date "2006.12.26"]
[Round "10"]
[White "Swathi,G"]
[Black "Poobesh Anand,S"]
[Result "0-1"]
[WhiteElo "2385"]
[BlackElo "2416"]

1.e4 c5 2.Nf3 Nc6 3.Nc3 d6 4.d4 cxd4 5.Nxd4 Nf6 6.Bg5 Bd7 7.Qd2 Nxd4 8.Qxd4 Qa5
9.Bd2 Rc8 10.f3 a6 11.O-O-O g6 12.Bc4 Bg7 13.Bb3 Qc5 14.Qxc5 Rxc5 15.g4 Be6
16.Be3 Rc6 17.Nd5 Bxd5 18.exd5 Rc8 19.Rhe1 Nd7 20.h3 h5 21.g5 Rf8 22.c3 b5
23.Kb1 Ne5 24.f4 Nc4 25.Bc1 Kd8 26.Bc2 Rc7 27.Re2 Nb6 28.Bb3 a5 29.a3 Kc8
30.Re4 a4 31.Bc2 Nc4 32.Rde1 Re8 33.Bd3 Kd7 34.Be3 Rb8 35.Bxc4 bxc4 36.Ba7 Re8
37.Bb6 Rcc8 38.Kc1 e6 39.dxe6+ fxe6 40.Rd1 d5 41.Bf2 Rf8 42.Bg3 Rf5 43.Re2 Bf8
44.Kd2 Bd6 45.Rde1 Re8 46.Ke3 h4 47.Bh2 Ref8 48.Kd2 Rxf4 49.Bxf4 Bxf4+ 50.Kd1 Bg3
51.Rxe6 Bxe1 52.Rxe1 Rf2 53.Kc1 Rg2 54.Re5 Kd6 55.Re8 Rxg5 56.Ra8 Rg3 57.Rxa4 g5
58.Ra6+ Ke5 59.Rg6 Kf5 60.Rd6 Rxh3 61.Rxd5+ Kf6  0-1

[Event "27th Open A"]
[Site "Bethune FRA"]
[Date "2006.12.26"]
[Round "2"]
[White "Bjornsson,Si"]
[Black "Ninov,N"]
[Result "0-1"]
[WhiteElo "2335"]
[BlackElo "2500"]

1.e4 c5 2.Nc3 Nc6 3.Nf3 g6 4.Bb5 Nd4 5.Nxd4 cxd4 6.Ne2 Nf6 7.d3 Qa5+ 8.c3 Qxb5
9.Nxd4 Qa5 10.O-O Bg7 11.f4 O-O 12.Qe1 d6 13.f5 e5 14.Nb3 Qa6 15.Rf3 d5 16.Qh4 dxe4
17.dxe4 Qc6 18.Bg5 Nxe4 19.f6 Nxg5 20.Qxg5 h6 21.Qxe5 Re8 22.Qg3 Bxf6 23.Raf1 Be5
24.Qh4 g5  0-1

[Event "Czech Christmas"]
[Site "Litomysl CZE"]
[Date "2006.12.26"]
[Round "1"]
[White "Svoboda,V2"]
[Black "Slaby,J"]
[Result "0-1"]
[WhiteElo "2129"]
[BlackElo "2437"]

1.e4 c5 2.Nf3 Nc6 3.Nc3 g6 4.d4 cxd4 5.Nxd4 Bg7 6.Be3 Nf6 7.Bc4 O-O 8.Bb3 d6
9.f3 Bd7 10.Qd2 Nxd4 11.Bxd4 b5 12.Nd5 Nxd5 13.Bxg7 Kxg7 14.Bxd5 Rc8 15.Qd4+ e5
16.Qd2 Qh4+ 17.g3 Qf6 18.Rf1 Be6 19.O-O-O Rfd8 20.Bxe6 Qxe6 21.Qd5 Rc5 22.Qxe6 fxe6
23.Rd3 Kf6 24.Rfd1 Ke7 25.R1d2 a5 26.Kd1 Rc6 27.c3 g5 28.Ke2 h5 29.Ke3 Rf8
30.Rf2 Rcc8 31.Rd1 b4 32.cxb4 axb4 33.Rdd2 Ra8 34.b3 Rac8 35.Rc2 d5 36.exd5 exd5
37.Kd3 Rxc2 38.Kxc2 e4 39.f4 gxf4 40.gxf4 d4  0-1

[Event "Masters"]
[Site "Singapore SIN"]
[Date "2006.12.26"]
[Round "2"]
[White "Gomez,Joh"]
[Black "Chua Xing Jian,G"]
[Result "1-0"]
[WhiteElo "2387"]
[BlackElo "1966"]

1.e4 c5 2.Nc3 Nc6 3.Bb5 d6 4.f4 g6 5.Bxc6+ bxc6 6.Nf3 Bg7 7.O-O e6 8.e5 d5
9.b3 Ne7 10.Ba3 Qa5 11.Na4 c4 12.d3 cxd3 13.cxd3 Ba6 14.Nd4 Bb5 15.Rc1 Bxa4
16.bxa4 Rc8 17.Bxe7  1-0